000 00603cam a22002054a 4500
005 20250605164223.0
008 250528s ||||||||||||||||||||||||d
035 _a20756
020 _a9607623177
040 _aGR-AtMCL
_bgre
_dGR-AtMCL
_eAACR2
245 1 _aΜΗΧΑΝΟΓΡΑΦΗΜΕΝΗ ΓΕΝΙΚΗ ΛΟΓΙΣΤΙΚΗ / ΘΕΩΡΙΑ & ΠΡΑΞΗ
250 _a1
260 _bΓερμανος,
_c2000
300 _a262
700 1 _aΚαραγιωργος Θεοφανης
_95884
700 1 _aΠετριδης Ανδρεας
_95886
942 _cBK
999 _c5840
_d5840